Logo de football en Noir et Blanc - Statistiques

Statistiques générales
  • Ce quiz a été pris 137 fois
  • Le résultat moyen est 17 sur 20
Statistiques - réponses
Par images Réponse % Correct
Benfica Lisbonne
95%
Bologne FC 1909
95%
PSV Eindhoven
94%
Inter Miami
93%
Paris FC
93%
ACF Fiorentina
92%
Real Sociedad
92%
Toulouse FC
92%
Galatasaray
91%
Servette FC
88%
Brentford FC
87%
Eintracht Francfort
86%
Union saint-gilloise
85%
Malmö FF
84%
Como 1907
83%
Olympiakos
83%
Sunderland AFC
83%
Venezia FC
82%
Al Nassr FC
79%
Villarreal CF
72%
Aucun quiz correspondant
Distribution des résultats
% des personnes avec chaque résultat
Percentile par nombre de réponses
Votre historique - résultats
Vous n’avez pas pris ce quiz